Transformers: Movie Directors - Statistics

General Stats
  • This quiz has been taken 63 times
  • The average score is 2 of 5
Answer Stats
Hint Answer % Correct
Transformers Michael Bay
100%
Bumblebee Travis Knight
48%
Transformers: Rise of the Beasts Steven Caple Jr.
34%
Transformers One Josh Cooley
32%
The Transformers: The Movie Nelson Shin
27%
No matching quizzes found
Score Distribution
Percent of People with Each Score
Percentile by Number Answered
Your Score History
You have not taken this quiz